Letmé nahliadnutie do študentskej duše

Gespeichert in:
Bibliographische Detailangaben
1. Verfasser: Vongrej, Marián
Körperschaft: Ekonomická univerzita v Bratislave. Národohospodárska fakulta
Format: Buch
Sprache:Slowakisch
Veröffentlicht: Bratislava 2009
Schlagworte:
Tags: Tag hinzufügen
Keine Tags, Fügen Sie das erste Tag hinzu!

MARC

LEADER 00000nam a2200000 4500
001 0160528
005 20240502072802.1
020 |a [nemá] 
041 0 |a slo 
044 |a SK 
245 1 0 |a Letmé nahliadnutie do študentskej duše  |c Marián Vongrej 
264 1 |a Bratislava  |c 2009 
300 |a [2 s.] 
610 2 0 |a študenti 
610 2 0 |a správanie 
610 2 0 |a etika 
610 2 0 |a dotazníky 
100 1 |a Vongrej, Marián 
710 2 |a Ekonomická univerzita v Bratislave. Národohospodárska fakulta